ბათუმის შოთა რუსთაველის სახელმწიფო უნივერსიტეტის ბიბლიოთეკა

ევთანაზია და ფეტუსის სისხლისსამართლებრივი დაცვის პრობლემები : (ბიბ.ჩანაწერი № 57187)

000 -ლიდერი
ფიქსირებული სიგრძის საკონტროლო ველი 01351nam a22002417a 4500
003 - საკონტროლო ნომრის იდენტიფიკატორი
საკონტროლო ველი Ge_BSU
005 - ბოლო ოპერაციის თარიღი და დრო
საკონტროლო ველი 20191226150730.0
008 - ფიქსირებული სიგრძის მონაცემთა ელემენტები - ზოგადი ინფორმაცია
ფიქსირებული სიგრძის საკონტროლო ველი 191224s2019 ge ||||| |||| 00| 0 geo d
020 ## - წიგნის საერთაშორისო სტანდარტული ნომერი
International Standard Book Number 9789941810220
041 ## - ენის კოდი
Language code of text/sound track or separate title geo
080 ## - უნივერსალური ათობითი კლასიფიკაციის ინდექსი
Universal Decimal Classification number 179+343.621 ს-15
100 ## - მთავარი ჩანაწერი - პიროვნების სახელი
Personal name სადრაძე, თამარ.
9 (RLIN) 5949
245 ## - ცნობა სათაურის შესახებ
Title ევთანაზია და ფეტუსის სისხლისსამართლებრივი დაცვის პრობლემები :
Remainder of title [მონოგრაფია] /
Statement of responsibility, etc თამარ სადრაძე ; რედ. ნონა თოდუა.
264 ## - წარმოების, გამოცემის, დისტრიბუციის და სხვა ცნობები
გამოცემის, წარმოების, დისტრიბუციის... ადგილი თბილისი,
გამოცემის, წარმოების, დისტრიბუციის... თარიღი 2019.
300 ## - ფიზიკური აღწერა
Extent 432 გვ. ;
Dimensions 24 სმ.
504 ## - BIBLIOGRAPHY, ETC. NOTE
Bibliography, etc ბიბლიოგრაფია ტექსტის შენიშვნებში და გვ. 420-431.
653 ## - INDEX TERM--UNCONTROLLED
Uncontrolled term ევთანაზია
653 ## - INDEX TERM--UNCONTROLLED
Uncontrolled term ემბრიონის უფლებები
653 ## - INDEX TERM--UNCONTROLLED
Uncontrolled term სამართალი
700 ## - ADDED ENTRY--PERSONAL NAME
Personal name თოდუა, ნონა
Relator term რედაქტორი
9 (RLIN) 5363
710 ## - ADDED ENTRY--CORPORATE NAME
Relator term ივანე ჯავახიშვილის სახელობის თბილისის სახელმწიფო უნივერსიტეტი, იურიდიული ფაკულტეტი.
9 (RLIN) 5950
942 ## - ADDED ENTRY ELEMENTS (KOHA)
Source of classification or shelving scheme
Koha item type წიგნი
ეგზემპლარები
ჩამოწერის სტატუსი დაკარგული ეგზემპლარის სტატუსი კლასიფიკაციის წყარო ან თაროზე გაწყობის სქემა დაზიანების სტატუსი არ გაიცემა მუდმივი მდებარეობა (დაცვის ადგილი) ამჟამინდელი ადგილსამყოფელი თაროზე განთავსების ადგილი შეძენის თარიღი ღირებულება, შესყიდვის ნორმალური ფასი სრული შენახვის შიფრი შტრიხკოდი ბოლო ოპერაციის თარიღი ეგზემპლარის მიმდევრობითი ნომერი (კეტერი?) ფასის ძალაში შესვლის თარიღი ეგზემპლარის სახეობა საჯარო შენიშვნა
          ბათუმის შოთა რუსთაველის სახელმწიფო უნივერსიტეტის მთავარი ბიბლიოთეკა ბათუმის შოთა რუსთაველის სახელმწიფო უნივერსიტეტის მთავარი ბიბლიოთეკა წიგნსაცავი 2019-12-24 20.00 179+343.621 ს-15 60317 2019-12-24 60317 2019-12-24 წიგნი 20.00